000 00545nam a2200193Ia 4500
005 20250508153327.0
008 008 250505s9999 xx 000 0 eng d
037 _aTextual
040 _aFEDL
_beng
_cFEDL
041 _aeng
_2eng
084 _a907, WIT
_qFEDL
100 _aWithers H L
_9763703
245 0 _aTeaching of history and other papers
260 _aManchester, USA
_bManchester University Press
_c1904
300 _a267p.
700 _a Fowler J H
_9763704
942 _cTEXL
_h907, WIT
999 _c1342063
_d1342063